Svetové poľnohospodárstvo materiály k seminárom

Salvato in:
Dettagli Bibliografici
Autore principale: Jurášek, Prokop
Ente Autore: Ekonomická univerzita v Bratislave. Fakulta podnikového manažmentu
Natura: Libro
Lingua:slovacco
Pubblicazione: Bratislava Ekonóm 1999
Soggetti:
Tags: Aggiungi Tag
Nessun Tag, puoi essere il primo ad aggiungerne!!

MARC

LEADER 00000nam a2200000 4500
001 c113667
005 20240422093350.1
020 |a 80-225-1096-3 
041 0 |a slo 
044 |a SK 
245 1 0 |a Svetové poľnohospodárstvo  |b materiály k seminárom  |c Prokop Jurášek 
264 1 |a Bratislava  |b Ekonóm  |c 1999 
300 |a 182 s. 
610 2 0 |a plodiny poľnohospodárske 
610 2 0 |a poľnohospodárstvo 
610 2 0 |a výroba poľnohospodárska 
610 2 0 |a výroba rastlinná 
610 2 0 |a pôda poľnohospodárska 
610 2 0 |a obchod zahraničný 
100 1 |a Jurášek, Prokop 
710 2 |a Ekonomická univerzita v Bratislave. Fakulta podnikového manažmentu